000 00406nam a2200157Ia 4500
008 230711s9999||||xx |||||||||||||| ||und||
041 _aENG
082 _a4
_bLA-D
100 _aLangsam,Yedidyah
245 0 _aData structures using C and C++
250 _a2nd Ed.
260 _c2001
_aNew York
_bPHI Learning Private Limited
650 _aComputer Engineering
700 _aAugenstein,Moshe J.
942 _cBK
999 _c570
_d570